000 00442nam a2200205Ia 4500
001 096388
003 YMCAF
005 20230512162004.0
008 100717s2008 ||||||||||||||||| ||und|d
024 _a96388
035 _a35846
040 _aYMCAF
_beng
_cIN-KoLT
041 _aeng
082 _a621.319
_bNAS
100 _aNasar, Syed A
245 0 _aElectric power systems
260 _bTMH
_c2008
300 _aV P
942 _2ddc
_cBK
999 _c10096
_d10096